Footballers with famous fathers - Statistics

General Stats
  • This quiz has been taken 27 times
  • The average score is 8 of 25
Answer Stats
Father (Current Club) Player % Correct
Alfie Haaland (Manchester City) Erling Haaland
76%
Peter Schmeichel (Anderlecht) Kasper Schmeichel
76%
David Beckham (Brentford B) Romeo Beckham
68%
Patrick Kluivert (AFC Bournemouth) Justin Kluivert
64%
Lilian Thuram (Inter Milan) Marcus Thuram
56%
Enrico Chiesa (Juventus) Federico Chiesa
52%
Claudio Reyna (Borussia Dortmund) Giovanni Reyna
52%
George Weah (Juventus) Timothy Weah
52%
Paolo Maldini (AC Milan) Daniel Maldini
40%
Paul Ince (Watford) Tom Ince
36%
Gheorghe Hagi (Rangers) Ianis Hagi
32%
Jimmy Phillips (Liverpool) Nathaniel Phillips
28%
Diego Simeone (Napoli) Giovanni Simeone
24%
Lilian Thuram (OGC Nice) Khephren Thuram
24%
Rory Delap (Manchester City) Liam Delap
24%
Robbie Savage (Reading) Charlie Savage
20%
Andy Cole (Barnsley) Devante Cole
16%
Rob Lee (Wrexham) Elliot Lee
12%
John Moncur (Leyton Orient) George Moncur
12%
Jurgen Klinsmann (LA Galaxy) Jonathan Klinsmann
12%
Henrick Larsson (FC Copenhagen) Jordan Larsson
12%
Phil Neville (Inter Miami) Harvey Neville
8%
Sean Dyche (Northampton) Max Dyche
8%
Kevin Campbell (Stoke) Tyreece Campbell
8%
David Weir (Brighton) Jensen Weir
4%
No matching quizzes found
Score Distribution
Percent of People with Each Score
Percentile by Number Answered
Your Score History
You have not taken this quiz